000 00278nam a2200133Ia 4500
100 _aMeleka/A.H.ed
942 _cBK
654 _aWelding
245 _aElectron Beam Welding
260 _bMc Graw Hill
_aLondon
_c1971
082 _a672.52
300 _a331
546 _aENGLISH
999 _c30569
_d30569